<?xml version="1.0" encoding="UTF-8"?>
<record
    xmlns:xsi="http://www.w3.org/2001/XMLSchema-instance"
    xsi:schemaLocation="http://www.loc.gov/MARC21/slim http://www.loc.gov/standards/marcxml/schema/MARC21slim.xsd"
    xmlns="http://www.loc.gov/MARC21/slim">

  <leader>00734nam a22001577a 4500</leader>
  <controlfield tag="005">20260512113801.0</controlfield>
  <controlfield tag="008">260512b        |||||||| |||| 00| 0 eng d</controlfield>
  <datafield tag="050" ind1=" " ind2=" ">
    <subfield code="a">THE HD 57.95 .K4 O46</subfield>
    <subfield code="b">C.1</subfield>
  </datafield>
  <datafield tag="100" ind1=" " ind2=" ">
    <subfield code="a">Ombogo, Joshua Marwanga</subfield>
  </datafield>
  <datafield tag="245" ind1=" " ind2=" ">
    <subfield code="a">Value-based Healthcare Strategies, Situational Leadership Styles and Performance of County Refferal Hospitals in the Lake Region Economic Bloc, Kenya</subfield>
  </datafield>
  <datafield tag="260" ind1=" " ind2=" ">
    <subfield code="a">Kisii </subfield>
    <subfield code="b">Kisii University</subfield>
    <subfield code="c">2025</subfield>
  </datafield>
  <datafield tag="300" ind1=" " ind2=" ">
    <subfield code="a">xxi, 207p.:ill.</subfield>
  </datafield>
  <datafield tag="500" ind1=" " ind2=" ">
    <subfield code="a">Includes bibliographical references</subfield>
  </datafield>
  <datafield tag="650" ind1=" " ind2=" ">
    <subfield code="a">1. Value-based healthcare - Kenya - Lake Region Economic Bloc. 2. Hospitals - Administration - Kenya. 3. Situational leadership. 4. Organizational effectiveness in hospitals.</subfield>
  </datafield>
  <datafield tag="942" ind1=" " ind2=" ">
    <subfield code="2">lcc</subfield>
    <subfield code="c">REF</subfield>
  </datafield>
  <datafield tag="999" ind1=" " ind2=" ">
    <subfield code="c">217113</subfield>
    <subfield code="d">217113</subfield>
  </datafield>
  <datafield tag="952" ind1=" " ind2=" ">
    <subfield code="0">0</subfield>
    <subfield code="1">0</subfield>
    <subfield code="2">lcc</subfield>
    <subfield code="4">0</subfield>
    <subfield code="6">THE H D  00057.00095 .K00004 O00046</subfield>
    <subfield code="7">0</subfield>
    <subfield code="8">SC</subfield>
    <subfield code="9">377424</subfield>
    <subfield code="a">KSUL</subfield>
    <subfield code="b">KSUL</subfield>
    <subfield code="d">2026-05-12</subfield>
    <subfield code="i">113300</subfield>
    <subfield code="l">0</subfield>
    <subfield code="o">THE HD 57.95 .K4 O46</subfield>
    <subfield code="p">A002042</subfield>
    <subfield code="r">2026-05-12 11:39:42</subfield>
    <subfield code="t">C.1</subfield>
    <subfield code="w">2026-05-12</subfield>
    <subfield code="y">REF</subfield>
  </datafield>
</record>
